000
00297nam a2200121 a 4500
005
20140414131910.0
008
101012s19uu xx 00 eng d
050
_a
ER
_b
D54 1966
100
_a
Diz and Liz
245
_a
Diz and Liz.
260
_a
New York :
_b
Wonder books,
_c
1966.
999
_c
111178
_d
111178